[Event "Brazil Fiesta op"]
[Site "Brazil"]
[Date "2017.07.22"]
[Round "4"]
[White "Lins, Gustavo Ferreira"]
[Black "Labussiere, Yago"]
[Result "0-1"]
[WhiteElo "1670"]
[BlackElo "1856"]
[PlyCount "78"]
[EventDate "2017.07.21"]
[EventType "swiss"]
[EventRounds "6"]
[EventCountry "BRA"]
[SourceTitle "EXT 2019"]
[Source "ChessBase"]
[SourceDate "2018.10.10"]
[SourceVersion "1"]
[SourceVersionDate "2018.10.10"]
[SourceQuality "1"]

1. d4 Nf6 2. c4 g6 3. Nf3 Bg7 4. g3 0-0 5. Bg2 d6 6. 0-0 c5 7. dxc5 dxc5 8. Qxd8 Rxd8 9. Nc3 Nc6 10. Be3 Be6 11. Bxc5 Bxc4 12. Rab1 b6 13. Ba3 Nd5 14. Nxd5 Bxd5 15. Rfd1 Bxa2 16. Rbc1 Rxd1+ 17. Rxd1 Rd8 18. Rxd8+ Nxd8 19. Bxe7 Nc6 20. Ba3 b5 21. Ne1 Nd4 22. e3 Ne6 23. Nd3 a5 24. b4 axb4 25. Bxb4 f5 26. Bf1 Bc4 27. Nc5 Nxc5 28. Bxc5 Kf7 29. Bxc4+ bxc4 30. Kf1 Ke6 31. Ke2 Kd5 32. Ba3 g5 33. Bc1 g4 34. f3 h5 35. Kf2 c3 36. Ke2 Kc4 37. fxg4 hxg4 38. e4 fxe4 39. Ke3 Bh6+ 0-1

[Event "Brasilia Terraviva op"]
[Site "Brasilia"]
[Date "2017.01.08"]
[Round "5"]
[White "Sato, Luiz Henrique Yuzo"]
[Black "Lins, Gustavo Ferreira"]
[Result "1-0"]
[WhiteElo "1542"]
[BlackElo "1711"]
[PlyCount "89"]
[EventDate "2017.01.06"]
[EventType "swiss"]
[EventRounds "6"]
[EventCountry "BRA"]
[SourceTitle "CBM 176 Extra"]
[Source "ChessBase"]
[SourceDate "2017.03.02"]
[SourceVersion "1"]
[SourceVersionDate "2017.03.02"]
[SourceQuality "1"]

1. d4 d5 2. Nf3 Nf6 3. Bf4 g6 4. e3 Bg7 5. Nbd2 0-0 6. Bd3 Bg4 7. h3 Bxf3 8. Nxf3 Nbd7 9. 0-0 c5 10. c3 Nh5 11. Bh2 cxd4 12. cxd4 Re8 13. Qb3 Nb6 14. Rac1 e6 15. Rc2 Bf8 16. Bb5 Re7 17. Rfc1 a6 18. Bc7 Rxc7 19. Rxc7 axb5 20. Qxb5 Nc4 21. Qxb7 Rb8 22. Qa7 Ra8 23. Qb7 Nd6 24. Qc6 Qe8 25. Qxe8 Nxe8 26. Rc8 Rxc8 27. Rxc8 Nd6 28. Rd8 f6 29. Kf1 Kf7 30. Rd7+ Be7 31. Ke2 Ke8 32. Ra7 h6 33. Kd3 Ng7 34. Nh4 Kf7 35. Nxg6 Nc8 36. Rc7 Kxg6 37. Rxc8 Nf5 38. a4 Bb4 39. Rb8 Be1 40. f3 Bf2 41. a5 Bxe3 42. g4 Nxd4 43. Kxe3 Nc6 44. Rb5 Kg5 45. a6 1-0

[Event "BRA-ch U26"]
[Site "Cuiaba"]
[Date "2016.11.06"]
[Round "7"]
[White "Amaral, Cleiston Silva"]
[Black "Lins, Gustavo Ferreira"]
[Result "1-0"]
[WhiteElo "1800"]
[BlackElo "1741"]
[PlyCount "65"]
[EventDate "2016.11.03"]
[EventType "swiss"]
[EventRounds "7"]
[EventCountry "BRA"]
[SourceTitle "CBM 175 Extra"]
[Source "ChessBase"]
[SourceDate "2016.12.12"]
[SourceVersion "1"]
[SourceVersionDate "2016.12.12"]
[SourceQuality "1"]

1. d4 d5 2. c4 e5 3. dxe5 d4 4. e3 Bb4+ 5. Bd2 dxe3 6. Qa4+ Bd7 7. Qxb4 exd2+ 8. Nxd2 Nc6 9. Qc3 Qe7 10. Ngf3 f6 11. Bd3 Nh6 12. 0-0-0 fxe5 13. h3 0-0-0 14. Rde1 Rhe8 15. Bxh7 Qc5 16. Re2 Kb8 17. Be4 Nb4 18. Kb1 Nf5 19. Rhe1 Nc6 20. Nb3 Qf8 21. Bxc6 Bxc6 22. Nxe5 Kc8 23. Nxc6 Rxe2 24. Nxa7+ Kb8 25. Nc6+ bxc6 26. Rxe2 Qd6 27. Rd2 Qe7 28. Rxd8+ Qxd8 29. a4 Qg5 30. Qb4+ Kc8 31. Qf8+ Kb7 32. Nc5+ Ka7 33. Nd7 1-0

[Event "BRA-ch U26"]
[Site "Cuiaba"]
[Date "2016.11.05"]
[Round "5"]
[White "Das Chagas, David Ferreira"]
[Black "Lins, Gustavo Ferreira"]
[Result "1-0"]
[WhiteElo "1956"]
[BlackElo "1741"]
[PlyCount "41"]
[EventDate "2016.11.03"]
[EventType "swiss"]
[EventRounds "7"]
[EventCountry "BRA"]
[SourceTitle "CBM 175 Extra"]
[Source "ChessBase"]
[SourceDate "2016.12.12"]
[SourceVersion "1"]
[SourceVersionDate "2016.12.12"]
[SourceQuality "1"]

1. e4 c5 2. c3 g6 3. f4 Nc6 4. Bb5 d6 5. Bxc6+ bxc6 6. Nf3 Bg7 7. 0-0 Nf6 8. d3 0-0 9. Qe1 Bg4 10. Qh4 h5 11. Ng5 Bd7 12. h3 Nh7 13. Nxh7 Kxh7 14. f5 Bf6 15. Bg5 Bxg5 16. Qxg5 Qb6 17. fxg6+ fxg6 18. Qxe7+ Kg8 19. Qxd7 Qxb2 20. Qe6+ Kg7 21. Qb3 1-0